000 00229nam a2200097Ia 4500
008 190216s9999||||xx |||||||||||||| ||und||
100 _aNaik Simh
245 0 _aHindi-Kali Pathang
260 _bMac Millian And Com. Ltd
942 _cBK
999 _c17662
_d17662